Entrada Personal Name
Número de registros utilizados en: 1
001 - CONTROL NUMBER
- control field: 4610
003 - CONTROL NUMBER IDENTIFIER
- control field: DLC
005 - DATE AND TIME OF LATEST TRANSACTION
- control field: 20200810150347.0
008 - FIXED-LENGTH DATA ELEMENTS
- fixed length control field: 811228n| azannaabn |a aaa
010 ## - LIBRARY OF CONGRESS CONTROL NUMBER
- LC control number: n 81146279
- Canceled/invalid LC control number: n 00014376
035 ## - SYSTEM CONTROL NUMBER
- System control number: (OCoLC)oca00691048
040 ## - CATALOGING SOURCE
- Original cataloging agency: DLC
- Language of cataloging: spa
- Description conventions: rda
- Transcribing agency: Mx-PuUPA
- Modifying agency: DLC
- Modifying agency: DNLM
- Modifying agency: ICrlF
- Modifying agency: ScU
- Modifying agency: Mx-PuUPA
046 ## - SPECIAL CODED DATES
- Birth date: 1948-03-08
- Source of date scheme: edtf
100 1# - HEADING--PERSONAL NAME
- Personal name: Buchanan, Allen E.,
- Dates associated with a name: 1948
370 ## - ASSOCIATED PLACE
- Other associated place: Durham (N.C.)
- Source of term: naf
371 ## - ADDRESS
- Electronic mail address: allenb@duke.edu
372 ## - FIELD OF ACTIVITY
- Field of activity: Política pública
372 ## - FIELD OF ACTIVITY
- Field of activity: Filosofía
- Source of term: lcsh
373 ## - ASSOCIATED GROUP
- Associated group: Duke University. Department of Philosophy
- Source of term: naf
373 ## - ASSOCIATED GROUP
- Associated group: Columbia University
- Source of term: naf
- End period: 1970
373 ## - ASSOCIATED GROUP
- Associated group: University of North Carolina at Chapel Hill
- Source of term: naf
- End period: 1975
374 ## - OCCUPATION
- Occupation: Autor
- Occupation: Educador
374 ## - OCCUPATION
- Occupation: Profesor universitario
- Source of term: lcsh
375 ## - GENDER
- Gender: hombre
- Source of term: lcdgt
377 ## - ASSOCIATED LANGUAGE
- Language code: eng
378 ## - FULLER FORM OF PERSONAL NAME
- Fuller form of personal name: Allen Edward
400 1# - SEE FROM TRACING--PERSONAL NAME
- Personal name: Buchanan, Allen,
- Dates associated with a name: 1948
670 ## - SOURCE DATA FOUND
- Source citation: His Marx and justice, 1982:
- Information found: t.p. (Allen E. Buchanan) CIP data sheet (b. 3/8/48) CIP galley info. (Univ. of Minn.)
670 ## - SOURCE DATA FOUND
- Source citation: His Ethics, efficiency, and the market, 1985:
- Information found: CIP t.p. (Allen Buchanan)
670 ## - SOURCE DATA FOUND
- Source citation: From chance to choice, 2000:
- Information found: t.p. (Allan Buchanan, Univ. of Ariz.)
670 ## - SOURCE DATA FOUND
- Source citation: Phone call to Allen Buchanan, Sept. 8, 2000
- Information found: (Allen Buchanan full name: Allen Edward Buchanan; b. 1948)
670 ## - SOURCE DATA FOUND
- Source citation: Wikipedia, Dec. 18, 2015
- Information found: (Allen Edward Buchanan is the James B. Duke Professor of philosophy at Duke University and also professor of the Philosophy of International Law at the Dickson Poon School of Law at King's College, London. He joined Duke's faculty in 2002 as professor of public policy and philosophy. He has written six books covering such topics as Marx, applied ethics (especially bio-medical ethics), social justice, and international justice, including the foundations of international law.)
670 ## - SOURCE DATA FOUND
- Source citation: The Oxford handbook of ethics of war, 2018:
- Information found: page xiii (Allen Buchanan is James B. Duke Professor of Philosophy and Professor of Law at Duke University, where he is also an Investigator at the Institute of Genome Sciences and Policy)
670 ## - SOURCE DATA FOUND
- Source citation: Duke University, Department of Philosophy web site, April 23, 2019:
- Information found: (Allen Edward Buchanan, allenb@duke.edu ; education: Ph.D., University of North Carolina at Chapel Hill 1975; B.A., Columbia University 1970)
- Uniform Resource Identifier: https://philosophy.duke.edu/people/allen-edward-buchanan